Türkiye'de sosyal demokrasi (Record no. 10075)

MARC details
000 -BAŞLIK
Sabit Uzunlukta Kontrol Alanı 00918na a2200301 4500
001 - KONTROL NUMARASI
Denetim Alanı 15764
003 - KONTROL NUMARASI IDENTIFIER
Denetim Alanı MIRAKIL
005 - SON İŞLEM TARİHİ VE ZAMANI
Denetim Alanı 20181213155306.0
008 - SABİT-BOY VERİ ELEMANLARI - GENEL BİLGİLER
Sabit Uzunlukta Kontrol Alanı 161001b tu 000 0
020 ## - ULUSLARARASI STANDART KİTAP NUMARASI
Uluslararası Standart Kitap Numarası 9759687305
035 ## - SİSTEM KONTROL NUMARASI
Sistem Kontrol Numarası 15764
040 ## - KATALOGLAMA KAYNAK
Orijinal Kataloglama Ajansı Milas
Kataloglama Dili tur
Metne Dönüştürmek Ajansı TR-AnCHP
041 ## - DİL KODU
Metin / Ses Parça Veya Ayrı Başlığın Dil Kodu tur
082 ## - DEWEY ONLU SINIFLANDIRMA NUMARASI
Sınıflandırma Numarası 320.531509561
Ürün Numarası I43t [t.y.]
090 ## - SINIFLAMA NUMARASI
Sınıflama Numarası 320.531509561 I43t [t.y.]
100 ## - ANA GİRİŞ - KİŞİSEL İSİM
Kişisel Ad İleri, Hasan
Bir Adıyla İlişkilendirilen Tarihler 1948 -
245 ## - BAŞLIK TABLOSU
Başlık Türkiye'de sosyal demokrasi
Başlığın Kalan (1908 - 1998)
Sorumluluk Tablosu, Vb Hasan İleri
246 ## - UNVAN FORM VARYING
Başlık Doğru / Kısa Başlığı Sosyal demokrasi
260 ## - YAYIN, DAĞITIM, VB
Yayın, Dağıtım, Vb Yeri Ankara
Yayıncı, Dağıtıcı, Vs Adı Yorum basın yayın
Yayın, Dağıtım, Vb Tarihi [t. y.]
300 ## - FİZİKSEL TANIM
Kapsam 168 s.
Diğer Fiziksel Ayrıntıları fotg.
Boyutlar 20 sm.
650 ## - KONU KATMA GİRİŞ - TOPİKAL DÖNEM
Topikal Süreli Veya Coğrafi Ad Giriş Elemanı Sosyal demokrat partiler
Coğrafi Alt Bölümü Türkiye
650 ## - KONU KATMA GİRİŞ - TOPİKAL DÖNEM
Topikal Süreli Veya Coğrafi Ad Giriş Elemanı Sosyal demokrasi
Genel Alt Bölümü Tarih
Kronolojik Alt Bölümü 20. yüzyıl
Coğrafi Alt Bölümü Türkiye
650 ## - KONU KATMA GİRİŞ - TOPİKAL DÖNEM
Topikal Süreli Veya Coğrafi Ad Giriş Elemanı Sosyalizm
Coğrafi Alt Bölümü Türkiye
651 ## - KONU KATMA GİRİŞ - COĞRAFİ ADI
Coğrafi İsim Türkiye
Genel Alt Bölümü Siyaset ve yönetim
Kronolojik Alt Bölümü 20. yüzyıl
942 ## - EKLENDİ GİRİŞ ELEMANLARI (KOHA)
Sınıflandırma Veya Raf Düzeni Kaynak
Koha Öğesi Türü Books
999 ## - SİSTEM KONTROL NUMARALARI (KOHA)
Koha Biblionumber 10075
Koha Biblioitemnumber 10075
657 ## - INDEX SÜRE - İŞLEVİ
-- Sosyalizm
-- Türkiye
657 ## - INDEX SÜRE - İŞLEVİ
-- Sosyal demokrasi
-- Türkiye
Holdings
Kalıcı Konum Mevcut Konum Edinme Tarihi Edinim Kaynak Toplam Check-Out'Lar Tam Çağrı Numarası Barkod Tarih Son Görülme İtibaren Geçerli Fiyatlar Koha Öğesi Türü
CHP Kütüphanesi CHP Kütüphanesi 09/23/2016 Bağış   320.531509561 I43t [t.y.] 005600 09/23/2016 09/23/2016 Books